000 01215nam a22002777a 4500
005 20150831112736.0
008 150821b2014 ck |||||r|||| 00| 0 spa d
040 _aCO-BoIAVH
_cCO-BoIAVH
041 0 _aspa
044 _ack
082 4 _a304.25
_bV16c
100 1 _aValenzuela , Elizabeth
245 1 _aCambio climático y ordenamiento territorial
250 _a1a. Edición
260 3 _aPereira ( Colombia):
_bCorporación Autónoma Regional de Risaralda,
_bMacArthur Foundation,
_bFondo para la Acción Ambiental y la Niñez,
_c2014.
300 _a48 p.
_bilustraciones, fotografías y color.
_c20 cm.
504 _aIncluye referencias bibliográficas. (Páginas 35-36).
505 _aCambio climático y adaptación. Adaptación al cambio climático desde el ordenamiento territorial. La cuenca del río Campoalegre.
650 6 _aCambio climático
_zColombia
650 6 _aCambio climático
_xAspectos ambientales
_zColombia
650 6 _aCambio climático
_xAspectos sociales
_zColombia
650 6 _aOrdenamiento territorial
_z Colombia.
700 1 _aVallejo, Juan Pablo
_eEditor
700 1 _aSantana, María Elena
_eEditora
942 _2ddc
_cLIBRO
999 _c17701
_d17701